| 000 | 00834nmm a2200265 a 4500 | ||
|---|---|---|---|
| 001 | ocm0001299506 | ||
| 003 | TR-IsHL | ||
| 005 | 20201028162258.0 | ||
| 008 | 160715s2016 tu tur | ||
| 007 | cr cn | ||
| 020 | _a9786055095710 | ||
| 035 |
_a1299506 _b(N$T) |
||
| 050 | 0 | 4 |
_aPL248.C36 _bA4 2016 |
| 090 | 0 | 4 |
_aPL248.C36 _bA4 2016 |
| 100 | 1 | _aCan, İsa | |
| 245 | 1 | 0 |
_aAllah benden razı olmadı anne ! _h[electronic resource] / _cİsa Can |
| 260 |
_aİstanbul : _bAhir Zaman Yayınları, _c2016 |
||
| 300 | _a113 p. | ||
| 650 | 4 | _aDil ve Edebiyat | |
| 650 | 4 | _aLanguage and Literature | |
| 650 | 0 | _aTürk romanı | |
| 650 | 0 | _aTurkish fiction | |
| 650 | 7 |
_aLITERARY COLLECTIONS / Middle Eastern _2bisacsh |
|
| 856 | 4 | 0 | _uhttp://search.ebscohost.com/login.aspx?direct=true&scope=site&db=e011xww&AN=1299506 |
| 999 |
_c14648 _d14648 |
||